Bhaganagar Struggle (Record no. 1211320)

MARC details
000 -LEADER
fixed length control field 00468nam a2200193Ia 4500
008 - FIXED-LENGTH DATA ELEMENTS--GENERAL INFORMATION
fixed length control field 151121s9999||||xx |||||||||||||| ||und||
082 ## - DEWEY DECIMAL CLASSIFICATION NUMBER
Classification number 954/DAT
082 ## - DEWEY DECIMAL CLASSIFICATION NUMBER
Item number HNW-2441
100 ## - MAIN ENTRY--PERSONAL NAME
Personal name Date S। R।
245 ## - TITLE STATEMENT
Title Bhaganagar Struggle
260 ## - PUBLICATION, DISTRIBUTION, ETC. (IMPRINT)
Name of publisher, distributor, etc "Date S। R।, Poona।"
260 ## - PUBLICATION, DISTRIBUTION, ETC. (IMPRINT)
Date of publication, distribution, etc --
300 ## - PHYSICAL DESCRIPTION
Extent 249
600 ## - SUBJECT ADDED ENTRY--PERSONAL NAME
Personal name Date S। R।
630 ## - SUBJECT ADDED ENTRY--UNIFORM TITLE
Uniform title Bhaganagar Struggle
700 ## - ADDED ENTRY--PERSONAL NAME
Personal name Date S। R।
730 ## - ADDED ENTRY--UNIFORM TITLE
Uniform title Bhaganagar Struggle
942 ## - ADDED ENTRY ELEMENTS (KOHA)
Koha item type Book
Holdings
Withdrawn status Lost status Damaged status Not for loan Home library Current library Date acquired Cost, normal purchase price Total Checkouts Full call number Barcode Date last seen Cost, replacement price Price effective from Koha item type
        Hirachand Nemchand Wachanalaya, Solapur Hirachand Nemchand Wachanalaya, Solapur 11/21/2015 2.00   HNW-2441 HNW-2441 11/21/2015 2.00 11/21/2015 Book